[Event "Berlin-ch Seniors op 36th"]
[Site "Berlin"]
[Date "2020.02.01"]
[Round "5.40"]
[White "Woelfert, Juergen"]
[Black "Schroeder, Ralf"]
[Result "1-0"]
[WhiteElo "1813"]
[BlackElo "1709"]
[PlyCount "81"]
[EventDate "2020.01.28"]
[EventType "swiss"]
[EventRounds "9"]
[EventCountry "GER"]
[SourceTitle "EXT 2024"]
[Source "ChessBase"]
[SourceDate "2023.10.10"]
[SourceVersion "1"]
[SourceVersionDate "2023.10.10"]
[SourceQuality "1"]

1. e4 e5 2. Nf3 Nc6 3. Bc4 d6 4. c3 Bg4 5. h3 Bxf3 6. Qxf3 Qf6 7. Qe2 Nge7 8. d3 a6 9. Bb3 Na5 10. Bc2 c5 11. Be3 Nac6 12. 0-0 Ng6 13. Qd2 Qd8 14. f4 Nxf4 15. Bxf4 exf4 16. Qxf4 f6 17. Bb3 Qb6 18. Kh1 0-0-0 19. Na3 Ne5 20. Rad1 Qc7 21. d4 Ng6 22. Qf5+ Kb8 23. dxc5 dxc5 24. Rxd8+ Qxd8 25. Rd1 Qc7 26. Rd7 Qf4 27. Bd5 Qc1+ 28. Kh2 Qf4+ 29. Kg1 Qe3+ 30. Qf2 Qc1+ 31. Qf1 Qe3+ 32. Kh1 Qf4 33. Rxb7+ Kc8 34. Qg1 Bd6 35. Nc4 Ne7 36. Nb6+ Kd8 37. Ra7 Ng6 38. Bf7 Ne5 39. Ra8+ Ke7 40. Nd5+ Kxf7 41. Ra7+ 1-0

[Event "Berlin-ch Seniors op 34th"]
[Site "Berlin"]
[Date "2018.02.08"]
[Round "9"]
[White "Schroeder, Ralf"]
[Black "Sommer, Werner1"]
[Result "1/2-1/2"]
[WhiteElo "1630"]
[BlackElo "1378"]
[PlyCount "72"]
[EventDate "2018.01.30"]
[EventType "swiss"]
[EventRounds "9"]
[EventCountry "GER"]
[SourceTitle "EXT 2020"]
[Source "ChessBase"]
[SourceDate "2019.10.17"]
[SourceVersion "1"]
[SourceVersionDate "2019.10.17"]
[SourceQuality "1"]

1. b4 a6 2. Bb2 Nc6 3. a3 e5 4. e3 d5 5. Nf3 Bg4 6. Be2 Bxf3 7. Bxf3 e4 8. Be2 Qg5 9. 0-0 h5 10. f4 Qg6 11. d3 0-0-0 12. Qe1 f5 13. Nd2 Be7 14. Rd1 Nh6 15. h3 Ng4 16. Bxg4 hxg4 17. Kh2 gxh3 18. g3 Rh4 19. Rg1 Rg4 20. Nf1 Rh8 21. c4 dxc4 22. dxc4 Bf6 23. Qf2 Qf7 24. Rc1 g5 25. fxg5 Rxg5 26. g4 Rhg8 27. Bxf6 Qxf6 28. Ng3 Ne5 29. Nxe4 Nxg4+ 30. Rxg4 Qe5+ 31. Rg3 fxe4 32. Rcg1 Rf5 33. Qxf5+ Qxf5 34. Rxg8+ Kd7 35. R1g7+ Ke6 36. Rg6+ Kd7 1/2-1/2

[Event "Berlin-ch Seniors op 34th"]
[Site "Berlin"]
[Date "2018.01.31"]
[Round "2"]
[White "Schroeder, Ralf"]
[Black "Bluhm, Guenter"]
[Result "1/2-1/2"]
[WhiteElo "1630"]
[BlackElo "1783"]
[PlyCount "66"]
[EventDate "2018.01.30"]
[EventType "swiss"]
[EventRounds "9"]
[EventCountry "GER"]
[SourceTitle "EXT 2020"]
[Source "ChessBase"]
[SourceDate "2019.10.17"]
[SourceVersion "1"]
[SourceVersionDate "2019.10.17"]
[SourceQuality "1"]

1. Nf3 Nf6 2. b4 d5 3. Bb2 e6 4. b5 Be7 5. e3 0-0 6. Be2 c6 7. c4 Bd7 8. a4 a6 9. Nc3 Bb4 10. Qb3 Bd6 11. d4 dxc4 12. Bxc4 axb5 13. axb5 Rxa1+ 14. Bxa1 Nd5 15. 0-0 Nxc3 16. Bxc3 cxb5 17. Bxb5 Qb6 18. Rb1 Bc8 19. Bb4 Bxb4 20. Qxb4 Qc7 21. Bd3 Rd8 22. Be4 Nc6 23. Qc5 Qa5 24. Qb6 Qxb6 25. Rxb6 Kf8 26. Bxc6 bxc6 27. Rxc6 Bb7 28. Rc7 Ra8 29. h3 Ra1+ 30. Kh2 Bxf3 31. gxf3 Rd1 32. f4 f5 33. Kg2 Rd2 1/2-1/2

[Event "Berlin-ch Seniors op 34th"]
[Site "Berlin"]
[Date "2018.01.30"]
[Round "1"]
[White "Bauder, Herbert"]
[Black "Schroeder, Ralf"]
[Result "1-0"]
[WhiteElo "1887"]
[BlackElo "1630"]
[PlyCount "73"]
[EventDate "2018.01.30"]
[EventType "swiss"]
[EventRounds "9"]
[EventCountry "GER"]
[SourceTitle "EXT 2020"]
[Source "ChessBase"]
[SourceDate "2019.10.17"]
[SourceVersion "1"]
[SourceVersionDate "2019.10.17"]
[SourceQuality "1"]

1. d4 d5 2. Nf3 Nf6 3. c4 dxc4 4. Nc3 Bg4 5. Ne5 c6 6. Nxg4 Nxg4 7. e3 Nf6 8. Bxc4 e6 9. 0-0 Bd6 10. e4 e5 11. dxe5 Bxe5 12. Qxd8+ Kxd8 13. Re1 Rf8 14. h3 Nbd7 15. Bd2 b5 16. Bb3 a5 17. Rad1 Kc7 18. Be3 Bxc3 19. bxc3 a4 20. Bc2 Rfe8 21. Bf4+ Ne5 22. Re2 Kb7 23. Bg5 Nd5 24. exd5 Nf3+ 25. gxf3 Rxe2 26. dxc6+ Ka6 27. Rd2 Re5 28. Be3 Rc8 29. Rd7 Rxe3 30. fxe3 Rxc6 31. Rd3 h6 32. Bd1 g5 33. e4 f6 34. Kf2 Kb6 35. Ke3 Re6 36. Rd5 Kc6 37. Be2 1-0

[Event "Berlin Lichtenberger op 14th"]
[Site "Berlin"]
[Date "2015.08.23"]
[Round "9"]
[White "Schroeder, Ralf"]
[Black "Schmole Rostosky, Joachim"]
[Result "1-0"]
[WhiteElo "1672"]
[BlackElo "1598"]
[PlyCount "79"]
[EventDate "2015.08.15"]
[EventType "swiss"]
[EventRounds "9"]
[EventCountry "GER"]
[SourceTitle "EXT 2016"]
[Source "ChessBase"]
[SourceDate "2015.10.08"]
[SourceVersion "1"]
[SourceVersionDate "2015.10.08"]
[SourceQuality "1"]

1. Nf3 Nf6 2. e3 d5 3. b4 a6 4. Bb2 Nbd7 5. c4 c6 6. d4 b5 7. c5 Ne4 8. Nbd2 Ndf6 9. Bd3 Bf5 10. Qc2 Bg6 11. Ne5 Nxd2 12. Bxg6 hxg6 13. Nxc6 Qc7 14. Qxd2 Qxc6 15. h3 Ne4 16. Qc2 e6 17. a4 Rb8 18. axb5 axb5 19. 0-0 Be7 20. Ra7 Bh4 21. g3 Bf6 22. Kg2 Ra8 23. Rxa8+ Qxa8 24. f3 Ng5 25. h4 Nh7 26. c6 0-0 27. Ra1 Qc8 28. Ra5 Bd8 29. Rxb5 Bc7 30. Rb7 Nf6 31. b5 Ne8 32. b6 Nd6 33. Rxc7 Qb8 34. Qc5 Nc4 35. Rb7 Qa8 36. Ra7 Qd8 37. c7 Nxe3+ 38. Kg1 Qf6 39. Qxf8+ Kxf8 40. c8Q+ 1-0

[Event "Berlin Lichtenberger op 14th"]
[Site "Berlin"]
[Date "2015.08.21"]
[Round "7"]
[White "Schroeder, Ralf"]
[Black "Gnass, Erhard"]
[Result "0-1"]
[WhiteElo "1672"]
[BlackElo "1510"]
[PlyCount "36"]
[EventDate "2015.08.15"]
[EventType "swiss"]
[EventRounds "9"]
[EventCountry "GER"]
[SourceTitle "EXT 2016"]
[Source "ChessBase"]
[SourceDate "2015.10.08"]
[SourceVersion "1"]
[SourceVersionDate "2015.10.08"]
[SourceQuality "1"]

1. b4 e5 2. Bb2 d6 3. Nf3 Nf6 4. e3 g6 5. c4 Bg7 6. Be2 0-0 7. 0-0 Nbd7 8. Nc3 Re8 9. d4 e4 10. Nd2 Nf8 11. Re1 b6 12. d5 Bd7 13. b5 Qc8 14. f4 exf3 15. Bxf3 Ng4 16. Nf1 Ne5 17. Rb1 Nxc4 18. a4 Nxb2 0-1

[Event "Berlin Lichtenberger op 14th"]
[Site "Berlin"]
[Date "2015.08.20"]
[Round "6"]
[White "Janse, Alexander"]
[Black "Schroeder, Ralf"]
[Result "1-0"]
[WhiteElo "1881"]
[BlackElo "1672"]
[PlyCount "72"]
[EventDate "2015.08.15"]
[EventType "swiss"]
[EventRounds "9"]
[EventCountry "GER"]
[SourceTitle "EXT 2016"]
[Source "ChessBase"]
[SourceDate "2015.10.08"]
[SourceVersion "1"]
[SourceVersionDate "2015.10.08"]
[SourceQuality "1"]

1. Nf3 Nf6 2. g3 c6 3. Bg2 d5 4. 0-0 Nbd7 5. d3 e5 6. Nbd2 Bd6 7. e4 0-0 8. Qe1 Re8 9. Nh4 Qc7 10. Nf5 Bc5 11. Nb3 Bb6 12. a4 a5 13. Ne3 dxe4 14. dxe4 Nc5 15. Nxc5 Bxc5 16. Bd2 b6 17. Qc1 Ba6 18. Re1 Rad8 19. h3 Qd7 20. Bc3 Bd4 21. Bxd4 exd4 22. Nf5 Re6 23. Qg5 Ne8 24. h4 h6 25. Qf4 c5 26. Bh3 Qb7 27. e5 d3 28. Nd6 Rexd6 29. exd6 Nxd6 30. cxd3 Bxd3 31. Bg2 Qc8 32. Re7 Qf5 33. Qxf5 Bxf5 34. Rae1 Be6 35. Rc7 Rd7 36. Rxd7 Bxd7 1-0

[Event "Berlin Lichtenberger op 14th"]
[Site "Berlin"]
[Date "2015.08.19"]
[Round "5"]
[White "Schroeder, Ralf"]
[Black "Bartoszewski Reiski, Olaf"]
[Result "1-0"]
[WhiteElo "1672"]
[BlackElo "1383"]
[PlyCount "58"]
[EventDate "2015.08.15"]
[EventType "swiss"]
[EventRounds "9"]
[EventCountry "GER"]
[SourceTitle "EXT 2016"]
[Source "ChessBase"]
[SourceDate "2015.10.08"]
[SourceVersion "1"]
[SourceVersionDate "2015.10.08"]
[SourceQuality "1"]

1. Nf3 Nf6 2. b4 d5 3. Bb2 Bf5 4. e3 e6 5. b5 a6 6. a4 axb5 7. axb5 Rxa1 8. Bxa1 Bd6 9. c4 dxc4 10. Bxc4 Nbd7 11. 0-0 Nb6 12. Be2 0-0 13. d3 Bg6 14. e4 Be7 15. Qc2 Qb8 16. Rc1 Rc8 17. Bb2 Nbd7 18. Ne5 Nxe5 19. Bxe5 Ne8 20. b6 Bd8 21. Na3 f6 22. Bxc7 Bxc7 23. Kh1 Bd6 24. Qxc8 Qxc8 25. Rxc8 Bxa3 26. Rb8 Bd6 27. Rxb7 e5 28. Rd7 Bf7 29. b7 Bb8 1-0

[Event "Berlin Lichtenberger op 14th"]
[Site "Berlin"]
[Date "2015.08.15"]
[Round "1"]
[White "Schroeder, Ralf"]
[Black "Federau, Juergen"]
[Result "0-1"]
[WhiteElo "1672"]
[BlackElo "2121"]
[PlyCount "54"]
[EventDate "2015.08.15"]
[EventType "swiss"]
[EventRounds "9"]
[EventCountry "GER"]
[SourceTitle "EXT 2016"]
[Source "ChessBase"]
[SourceDate "2015.10.08"]
[SourceVersion "1"]
[SourceVersionDate "2015.10.08"]
[SourceQuality "1"]

1. b4 Nf6 2. Bb2 e6 3. b5 a6 4. a4 axb5 5. axb5 Rxa1 6. Bxa1 d5 7. e3 Be7 8. Nf3 0-0 9. c4 c5 10. Qa4 Nbd7 11. Be2 Nb6 12. Qa2 Nxc4 13. Bxc4 dxc4 14. Qxc4 b6 15. d4 Bb7 16. dxc5 bxc5 17. Nbd2 Bd5 18. Qc3 Qb6 19. e4 Ba8 20. Qc4 Rb8 21. Be5 Rc8 22. 0-0 Nd7 23. Bd4 Rb8 24. Ne5 Nf6 25. Nc6 Bxc6 26. bxc6 cxd4 27. c7 Rc8 0-1

[Event "Berlin Spring op-B"]
[Site "Berlin"]
[Date "2014.05.04"]
[Round "7"]
[White "Schroeder, Ralf"]
[Black "Brosius, Rene"]
[Result "1-0"]
[WhiteElo "1635"]
[BlackElo "1222"]
[PlyCount "83"]
[EventDate "2014.05.01"]
[EventType "swiss"]
[EventRounds "7"]
[EventCountry "GER"]
[SourceTitle "CBM 160 Extra"]
[Source "ChessBase"]
[SourceDate "2014.07.01"]
[SourceVersion "1"]
[SourceVersionDate "2014.07.01"]
[SourceQuality "1"]

1. b4 Nf6 2. Bb2 Nc6 3. b5 Nb4 4. a3 Nbd5 5. c4 Nb6 6. e3 d6 7. Be2 Be6 8. d3 c5 9. Nf3 d5 10. Nbd2 g6 11. a4 a6 12. a5 Nc8 13. b6 Bg7 14. Nb3 Qd6 15. Rc1 Nxb6 16. Be5 Qc6 17. axb6 Qxb6 18. cxd5 Bxd5 19. Nxc5 Qa5+ 20. Qd2 Qxd2+ 21. Kxd2 Rc8 22. d4 0-0 23. Bxf6 Bxf6 24. e4 Bxe4 25. Nxe4 Bxd4 26. Rxc8 Rxc8 27. Nxd4 f5 28. Ng5 Kg7 29. Nge6+ Kf6 30. Rb1 Rb8 31. Rb6 Kf7 32. Bf3 a5 33. Nc5 Rc8 34. Nxb7 a4 35. Ra6 Rc4 36. Bd5+ e6 37. Bxe6+ Kg7 38. Bxc4 a3 39. Rxa3 Kh6 40. Ne6 Kh5 41. Rh3+ Kg4 42. f3# 1-0

[Event "Berlin Spring op-B"]
[Site "Berlin"]
[Date "2014.05.01"]
[Round "2"]
[White "Suliga, Eckhard"]
[Black "Schroeder, Ralf"]
[Result "1/2-1/2"]
[WhiteElo "1808"]
[BlackElo "1635"]
[PlyCount "80"]
[EventDate "2014.05.01"]
[EventType "swiss"]
[EventRounds "7"]
[EventCountry "GER"]
[SourceTitle "CBM 160 Extra"]
[Source "ChessBase"]
[SourceDate "2014.07.01"]
[SourceVersion "1"]
[SourceVersionDate "2014.07.01"]
[SourceQuality "1"]

1. e4 e5 2. Nf3 Nc6 3. Bb5 a6 4. Bxc6 bxc6 5. 0-0 d6 6. d4 exd4 7. Qxd4 Nf6 8. Bg5 Be7 9. e5 c5 10. Qh4 Nd5 11. Na3 Bxg5 12. Qxg5 Qxg5 13. Nxg5 dxe5 14. Nc4 f6 15. Ne4 Bf5 16. f3 Bxe4 17. fxe4 Nb6 18. Ne3 0-0 19. Rad1 Rad8 20. c3 c4 21. Kf2 Rd3 22. Ke2 Rfd8 23. Rxd3 cxd3+ 24. Kd2 c5 25. b3 a5 26. Rf3 a4 27. bxa4 Ra8 28. Kxd3 Rxa4 29. Rf2 c4+ 30. Ke2 Rxa2+ 31. Kf3 Rxf2+ 32. Kxf2 Kf7 33. Ke2 Ke6 34. Kd2 g6 35. g4 Kd6 36. Nc2 Nd7 37. Nb4 Nc5 38. Ke3 Nb3 39. Nd5 Ke6 40. Nc7+ Kd7 1/2-1/2